000 00463nam a2200193Ia 4500
008 151121s9999||||xx |||||||||||||| ||und||
082 _a823/TUR
082 _bHNW-770
100 _aTurgenyev I। S।
245 _aFathers & Sons
260 _b"Foreign Language House,"
260 _c--
300 _a206
600 _aTurgenyev I। S।
630 _aFathers & Sons
700 _aTurgenyev I। S।
730 _aFathers & Sons
942 _cBOOK
999 _c1210159
_d1210156